000 00682nam a2200217 a 4500
005 20220812063819.0
008 020220s1994 r 000 0 eng d
020 _a8427710615
035 _aUPN01000116347
049 _aCG
050 4 _aHF5549 T7
_bC6.4
100 1 _aColom Cañellas, Antonio Juan,
_d1946-
_933741
245 1 0 _aEstrategias de formación en la empresa / A. Colom, J. Sarramona, G. Vázquez.
260 _aMadrid :
_bNarcea,
_cc1994.
300 _a268 p.
440 0 _aNarcea sociocultural
650 4 _aPlanificación estratégica
_91106
700 1 _aSarramona López, Jaime,
_d1944-
_ecoaut.
_929962
700 1 _aVázquez, Gonzalo,
_ecoaut.
905 _aLibro
999 _c89098
_d89098